IGUAIMA (Registro nro. 4411)

Detalles MARC
000 -CABECERA
Campo de control 00659nam a2200241 a 4500
005 - FECHA Y HORA DE LA ULTIMA TRANSACCION
Campo de control 20160119070532.0
008 - ELEMENTOS DE LONGITUD FIJA—INFORMACION GENERAL
Campo de control 140314t1996 ck a gr|||| 00| 0 spa d
020 ## - ISBN
ISBN 9586391248
040 ## - FUENTE DE CATALOGACIÓN
Agencia catalogadora original CO-BoIAVH
Agencia transcriptora CO-BoIAVH
041 ## - IDIOMA
Código de idioma para texto/pista de sonido o título separado Español
044 ## - PAÍS DE PUBLICACIÓN
País de publicación Colombia
082 #4 - NUMERO DE CLASIFICACION DECIMAL DEWEY
Número de clasificación 370.115
Número del ítem B42i
100 1# - ASIENTO PRINCIPAL--NOMBRE PERSONAL
Nombre personal Bejarano Avila, Alberto
9 (RLIN) 21962
245 1# - MENCION DE TITULO
Título IGUAIMA
Parte restante del título el futuro posible
260 ## - PUBLICACION, DISTRIBUCION, ETC. (PIE DE IMPRENTA)
Lugar de publicación, distribución, etc. Ibague
Nombre del editor, distribuidor, etc. COOPERAMOS
Fecha de publicación, distribución, etc. 1996
300 ## - DESCRIPCION FISICA
Extensión 348 paginas.
Dimensiones 23 x 16 cm.
650 ## - ASIENTO SECUNDARIO DE MATERIA - TERMINO TEMATICO
Término temático o nombre geográfico como elemento de entrada Alto Magdanelna
Subdivisión geográfica Tolima
9 (RLIN) 52808
650 ## - ASIENTO SECUNDARIO DE MATERIA - TERMINO TEMATICO
Término temático o nombre geográfico como elemento de entrada Tolima
9 (RLIN) 52809
650 ## - ASIENTO SECUNDARIO DE MATERIA - TERMINO TEMATICO
Término temático o nombre geográfico como elemento de entrada Economía
Subdivisión geográfica Tolima
9 (RLIN) 52810
650 ## - ASIENTO SECUNDARIO DE MATERIA - TERMINO TEMATICO
Término temático o nombre geográfico como elemento de entrada Educacion
Subdivisión geográfica Tolima
9 (RLIN) 52811
942 ## - ELEMENTOS ADICIONALES (KOHA)
Tipo de ítem Libro
Sistema de clasificación Dewey Decimal Classification
945 ## - PROCESAMIENTO LOCAL
AAAA-MM-DD - Fecha de ingreso o modificacion 2005-05-06
Existencias
Withdrawn status Lost status Sistema de Clasificación Damaged status No para préstamo Colección Inventariado Ubicación Permanente Ubicación actual Fecha de adquisición Fuente de Valor Valor Total Checkouts Número topográfico Inventario / Código de Barras Date last seen Ejemplar Price effective from Forma de adquisición Tipo de material
    Dewey Decimal Classification     General Inventariado 2017 Bogotá Bogotá 06/05/2005 Instituto 39000.00   LB-370.115 B42i 016952 04/12/2012 Ej. 1 04/12/2012   Libro